[Event "Brody Bryvka Memorial"]
[Site "Brody"]
[Date "2023.12.17"]
[Round "5"]
[White "Demyanyuk, Andrew"]
[Black "Kokhno, Olexandr"]
[Result "1/2-1/2"]
[WhiteElo "2004"]
[BlackElo "2063"]
[PlyCount "23"]
[EventDate "2023.12.17"]
[EventType "swiss"]
[EventRounds "9"]
[EventCountry "UKR"]
[SourceTitle "CB51_2023"]
[SourceDate "2023.12.20"]
[SourceVersion "1"]
[SourceVersionDate "2023.12.20"]
[SourceQuality "1"]

1. d4 d5 2. c4 c6 3. cxd5 cxd5 4. Nc3 Nf6 5. Nf3 Nc6 6. Bf4 Bf5 7. e3 e6 8. Bd3 Bxd3 9. Qxd3 Bd6 10. Bxd6 Qxd6 11. 0-0 0-0 12. h3 1/2-1/2

[Event "Brody Bryvka Memorial"]
[Site "Brody"]
[Date "2023.12.17"]
[Round "1"]
[White "Demyanyuk, Andrew"]
[Black "Tyurin, Rostyslav"]
[Result "1/2-1/2"]
[WhiteElo "2004"]
[BlackElo "1534"]
[PlyCount "37"]
[EventDate "2023.12.17"]
[EventType "swiss"]
[EventRounds "9"]
[EventCountry "UKR"]
[SourceTitle "CB51_2023"]
[SourceDate "2023.12.20"]
[SourceVersion "1"]
[SourceVersionDate "2023.12.20"]
[SourceQuality "1"]

1. e4 c6 2. d3 d5 3. Nf3 dxe4 4. dxe4 Qxd1+ 5. Kxd1 Bg4 6. Be2 Bxf3 7. Bxf3 e5 8. b3 Nd7 9. Bb2 0-0-0 10. Ke2 f6 11. Rd1 Bc5 12. Na3 Ne7 13. Nc4 Nb6 14. Ne3 Kc7 15. a4 Nbc8 16. Nc4 Nd6 17. Nxd6 Bxd6 18. Rd3 Ng6 19. g3 1/2-1/2

[Event "Brody Bryvka Memorial"]
[Site "Brody"]
[Date "2023.12.17"]
[Round "3"]
[White "Demyanyuk, Andrew"]
[Black "Zakordonets, Olexandr"]
[Result "1-0"]
[WhiteElo "2004"]
[BlackElo "1982"]
[PlyCount "101"]
[EventDate "2023.12.17"]
[EventType "swiss"]
[EventRounds "9"]
[EventCountry "UKR"]
[SourceTitle "CB51_2023"]
[SourceDate "2023.12.20"]
[SourceVersion "1"]
[SourceVersionDate "2023.12.20"]
[SourceQuality "1"]

1. Nc3 d5 2. e4 dxe4 3. Nxe4 Nf6 4. Nxf6+ exf6 5. d4 c6 6. c3 Bd6 7. Bd3 Na6 8. Ne2 h5 9. h3 Nc7 10. 0-0 Kf8 11. Bf4 Be6 12. Bxd6+ Qxd6 13. Ng3 h4 14. Ne4 Qf4 15. Qd2 Qxd2 16. Nxd2 Nd5 17. Rfe1 Rd8 18. Nb3 Nf4 19. Be4 Rh5 20. Nc5 Bc8 21. Bf3 Rg5 22. Re4 Ng6 23. Kf1 b6 24. Nb3 Ba6+ 25. Kg1 Bc4 26. Re3 c5 27. dxc5 bxc5 28. Rae1 Be6 29. Kh2 Nf4 30. Re4 Ng6 31. Ra4 Rd7 32. Ra5 Rc7 33. Rd1 Ne5 34. Rd8+ Ke7 35. Ra8 c4 36. R5xa7 Nxf3+ 37. gxf3 Rxa7 38. Rxa7+ Kd6 39. Nd4 Bd7 40. Ra6+ Kc7 41. Ra7+ Kd6 42. b3 Re5 43. f4 Re1 44. bxc4 Be8 45. Kg2 Rc1 46. a4 Rxc3 47. Nb5+ Bxb5 48. cxb5 Ra3 49. a5 Kc5 50. b6 Kc6 51. b7 1-0